| 000 | 00656nam a22002297a 4500 | ||
|---|---|---|---|
| 005 | 20260515114955.0 | ||
| 008 | 230918b ||||| |||| 00| 0 eng d | ||
| 020 | _a9789391166649 | ||
| 040 |
_aIN-DiNC _cIN-DiNC |
||
| 041 | _deng | ||
| 082 |
_a339 _bMUK |
||
| 100 |
_aMukherjee, Sampat _eauthor |
||
| 245 |
_aAnalytical macroeconomics (Keynes to Mankiw)/ _cSampat Mukherjee, Amitava Ghose and Srirupa Sinha |
||
| 250 | _a1st imp. | ||
| 260 |
_aNew Delhi: _bGlobal net publication, _c2022. |
||
| 300 | _a504p. | ||
| 650 | _aMoney | ||
| 650 | _aInflation | ||
| 700 |
_aGhose, Amitava _eauthor |
||
| 700 |
_aSinha, Srirupa _eauthor |
||
| 942 |
_2ddc _cBK |
||
| 999 |
_c11625 _d11625 |
||